Good Eats Episode Topics (Seasons 1-2) - Statistics

General Stats
  • This quiz has been taken 7 times
  • The average score is 11 of 27
Answer Stats
No. Episode Title Topic % Correct
214 "Ear Apparent" Corn
83%
101 "_____ Your Claim" Steak
83%
207 "True Brew" Coffee
67%
103 "The ___-Files" Eggs
67%
110 "Hook, Line, and Dinner" Fish
67%
205 "The Fungal Gourmet" Mushrooms
67%
105 "A Bird in the Pan" Roasted chicken
67%
204 "Crustacean Nation" Shrimp
67%
202 "For Whom the Cheese Melts" Fondue / Grilled cheese sandwich
50%
106 "Churn Baby Churn" Ice cream
50%
111 "Pantry Raid I: Use Your ______" Pasta
50%
102 "These _____ Are Made for Walkin'/This ____'s for You" Potatoes
50%
104 "_____ Daze" Salad
50%
113 "The Art of Darkness" Chocolate
33%
109 "A Bowl of Onion" French onion soup
33%
213 "Pork Fiction/A ___ for All Seasons" Pork ribs
33%
212 "Citizen Cane" Sugar / Caramel
33%
203 "_____ Family Values" Apples
17%
107 "The Dough Also Rises" Biscuits
17%
209 "Fry Hard" Fish and chips
17%
201 "It's a Wonderful Cake" Fruitcake
17%
208 "A Grind is a Terrible Thing to Waste/Daily Grind" Ground beef
17%
206 "_____ Never Sleeps" Pie crust
17%
211 "Pantry Raid II: Seeing Red" Tomato sauce / Mirepoix
17%
210 "Urban Preservation I: ___ Session" Canning
0%
108 "_____ Confidential" Gravy / Roux
0%
112 "Power to the _____" Pilaf
0%
No matching quizzes found
Score Distribution
Percent of People with Each Score
Percentile by Number Answered
Your Score History
You have not taken this quiz